Inteligência Aplicada / (Registro n. 8038)
[ somente texto ]
| 000 -LÍDER | |
|---|---|
| campo de controle de tamanho fixo | 01601nam a2200229 a 4500 |
| 001 - NÚMERO DE CONTROLE | |
| campo de controle | BS0002977 |
| 003 - IDENTIFICADOR DO NÚMERO DE CONTROLE | |
| campo de controle | BR-BrBNA |
| 005 - DATA E HORÁRIO DA ÚLTIMA TRANSAÇÃO | |
| campo de controle | 20230418192202.0 |
| 008 - CAMPO DE DADOS FIXOS--INFORMAÇÃO GERAL | |
| campo de controle de tamanho fixo | 230308b |||||||| |||| 00| 0 por d |
| 040 ## - FONTE DA CATALOGAÇÃO | |
| Instituição da catalogação original | BR-BrBNA |
| Idioma da catalogação | por |
| Instituição que transcreveu o registro | Biblioteca Nacional de Agricultura |
| 041 ## - CÓDIGO DE IDIOMA | |
| Código do idioma do texto/trilha sonora ou título diferente | por |
| 072 ## - CÓDIGO DE CATEGORIA DE ASSUNTO | |
| Código de Categoria de Assunto | E11 |
| 090 ## - NÚMERO DE CHAMADA LOCAL | |
| Número de chamada | E11 BS0002977 |
| 100 1# - ENTRADA PRINCIPAL--NOME PESSOAL | |
| Nome pessoal | Ribeiro, Lair |
| 245 1# - TÍTULO | |
| Título | Inteligência Aplicada / |
| 260 3# - PUBLICAÇÃO, DISTRIBUIÇÃO, ETC. | |
| Local de publicação, distribuição, etc. | São Paulo, SP: |
| Nome do editor, distribuidor, etc. | Arx, |
| Data da publicação, distribuição, etc. | 2002. |
| 300 ## - DESCRIÇÃO FÍSICA | |
| Extensão | 240 p. |
| 520 3# - NOTA DE RESUMO, ETC | |
| Resumo, etc. | O mundo está cada vez mais competitivo. Algumas pessoas exibem um potencial aparentemente superior ao as demais e isso as torna mais bem-sucedidas, tanto pessoal quanto profissionalmente. O que essas pessoas têm mais do que você? Nem todo sucesso teve o respaldo de um berço de ouro, mas, sem dúvida alguma, todos tiveram o da inteligência, o da educação. Educação é o que resta depois que alguém se esqueceu de tudo o que aprendeu. E o que resta depois do -esquecimento? Restam modelos mentais. Boas idéias sem modelos mentais compatíveis não têm grande impacto na vida de uma pessoa. O cemitério está cheio de boas idéias que foram levadas para o túmulo porque quem as teve não dispunha de modelos mentais adequados para implementá-las. Inteligência aplicada foi construído para permitir que você aumente o uso pragmático da sua inteligência e, conseqüentemente, possa alavancar positivamente a sua vida, tanto no aspecto pessoal quanto no profissional. A decisão de ser mais inteligente só depende de você! |
| 650 ## - ASSUNTO--TERMO TÓPICO | |
| Cabeçalho tópico ou nome geográfico | AUTO AJUDA |
| 909 ## - | |
| -- | 202304 |
| -- | Sergio Santos |
| -- | 56 |
| -- | Sergio Santos |
| 942 ## - ELEMENTOS DE ENTRADA ADICIONADOS (KOHA) | |
| Tipo de material Koha | Livros |
| Situação do descarte | Fonte da classificação ou esquema de arquivamento na estante | Situação física | Não pode ser emprestado | Coleção | Biblioteca de origem | Biblioteca atual | Total de empréstimos | Número de telefone completo | Código de barras | Data de último acesso | Número do exemplar | Tipo de material Koha | Situação das perdas | Data de aquisição | Fonte de aquisição | Qualificador de local codificado |
|---|---|---|---|---|---|---|---|---|---|---|---|---|---|---|---|---|
| Classificação AGRIS | Acervo Cultural | Biblioteca Nacional de Agricultura - Binagri | Biblioteca Nacional de Agricultura - Binagri | E11 BS0002977 | E11 BS0002977 | 12/04/2023 | 01 | Livros | 2023-04-04 | Doação | E11 |

BINAGRI